[Event "Amsterdam SPA"]
[Site "?"]
[Date "2017.07.15"]
[Round "8"]
[White "Witt, Rob"]
[Black "Frans, Richard"]
[Result "0-1"]
[WhiteElo "2166"]
[BlackElo "1989"]
[Annotator "Witt"]
[PlyCount "100"]
[EventDate "2017.??.??"]

1. d4 {Ik had geen partijen van Richard gevonden en had dus geen idee wat ik
kon verwachten.} f5 {Wellicht had hij mijn vorige witpartij tegen de
Leningrader van Rosmuller gezien of mijn recente partij tegen Pruijssers met
dezelfde variant. Bovendien had ik genoeg van dat geschuif en besloot ik na 5
minuten er vol in te gaan met het Staunton Gambiet.} 2. e4 fxe4 3. Nc3 Nf6 4.
Bg5 g6 {Richard had mijn partij tegen Reinderman gezien en deze
bestrijdingswijze tot in de puntjes voorbereid. Ik ben hier meteen al 'out of
book'.} 5. h4 {Na 10 minuten.} (5. f3 {wordt het meest gespeeld, maar heb ik
niet overwogen. Bijv.} d5 6. fxe4 dxe4 7. Bc4 Bg7 8. Nge2 Nc6 9. O-O Na5 {
kwam voor in recente partijen van Nijboer en Pruijssers.}) (5. Bc4 {leek me
ook een mogelijkheid.}) (5. d5 {misschien ook.}) 5... d5 6. h5 Bf5 7. Bxf6 {
Na 7 minuten.} ({Er blijken een aantal partijen te zijn met} 7. hxg6 Bxg6 8.
Nh3 {maar dat leek me niet zo aantrekkelijk.}) 7... exf6 8. g4 Be6 9. hxg6 Qd7
{Tot mijn verbazing bleek na afloop dat hij hier nog in zijn voorbereiding zat.
} 10. g5 fxg5 11. Qh5 {Hierna kon hij zich niet meer herinneren wat hij op g7
zou zetten en dacht ruim een kwartier na.} Qg7 {Waarschijnlijk de beste zet.} (
{Er blijken nog twee partijen te zijn met} 11... Bg7 12. gxh7+ Qf7 13. Qxg5
Bxd4 14. O-O-O Bf6 {Deze stelling had ik gezien en plande} 15. Qf4 (15. Qd2 $6
Nc6 16. Nxd5 O-O-O 17. Bh3 Bxh3 18. Rxh3 Nd4 $17 {Anagnostopoulos,K (2250)
-Rychagov,A (2558) Malevizi 2016 (29.0-1).}) (15. Qh6 Nd7 16. Nge2 Nf8 $1 $17 {
Solberg,J (2211)-Ringoir,T (2474) Helsingor 2016 (20.0-1).}) 15... Bxc3 16.
Qxf7+ {met onduidelijke stelling volgens Stockfish.}) 12. gxh7+ $6 {Na 12
minuten. De eerste nieuwe zet en waarschijnlijk niet voor herhaling vatbaar.} (
{Het beste lijkt toch} 12. Qxg5 c6 $1 ({Ik vond} 12... Be7 {niet zo leuk, maar
dat valt erg mee na} 13. Qh6 $13) 13. Nge2 (13. f3 $5 $13) 13... hxg6 14. Nf4
Rxh1 15. Nxe6 Qh6 (15... Qe7 $1 $17) 16. Qd8+ Kf7 17. Ng5+ Kg8 18. Qf6 Na6 19.
Qe6+ Kg7 20. Qe5+ Kg8 21. Qe6+ Kg7 22. Qe5+ Kg8 23. Qe6+ {(½-½)Trent,L (2470)
-Anton Guijarro,D (2617) Caleta 2015}) 12... Bf7 {Na bijna een half uur.} 13.
Qg4 Nd7 14. Nb5 {Na 12 minuten.} ({Ik keek ook nog even naar} 14. Nxe4 {
maar met zo'n achterstand in ontwikkeling leek het me niks na} dxe4 15. Qxe4+
Kd8 16. Bd3 c6 17. c4 Kc7 $19) 14... O-O-O {ook na 12 minuten.} (14... Kd8 $5)
15. Qg3 {Deze stelling had ik voor ogen toen ik tot 12.gxh7 besloot. Het
blijkt niets te zijn voor wit.} Bd6 ({Beter dan} 15... Bb4+ 16. c3 Ba5 17.
Nxa7+) 16. Nxd6+ {Na ruim 10 minuten.} ({Ik keek ook naar} 16. Qc3 {maar
verwiep het wegens} Qf6 {en mijn paard via a7 op c6 offeren leidt tot niks.} ({
Nog beter lijkt} 16... Qf8 17. Nxa7+ Kb8 18. Nc6+ bxc6 19. Qxc6 Be8 $19)) 16...
cxd6 17. O-O-O {Die speelde ik a tempo maar misschien beschouwt de engine dit
als tijdverlies.} (17. Ne2 Nf6 18. Nc3) 17... Nf6 18. Qa3 Kb8 19. Rh3 Rxh7 20.
Qa5 {Ik was zelf best tevreden over deze manoeuvres, maar de engine vindt het
niks.} Rd7 21. Ra3 b6 22. Qb4 Be6 23. Bb5 Rd8 24. Ne2 Rh3 (24... Rh2 $5) 25.
Nc3 $2 {Ik probeer krampachtig torenruil te vermijden, maar dat is een
misvatting. Mijn koningsaanval heeft geen enkele kans van slagen. Ik had
moeten kiezen voor} (25. Rxh3 Bxh3 26. Rg1 {en proberen te keepen.}) 25... Bc8
{Wit nog 20 minuten, zwart 4 minuten. Zwart is voorzichtig.} ({Hij kan ook
agressief verder gaan met} 25... Ng4 $17) {Ik ga nu zorgvuldig mijn blunder op
zet 29 voorbereiden.} 26. Bf1 {Om veld b5 met tempowinst vrij te maken voor
mijn paard.} Rf3 27. b3 $2 {Zie mijn opmerking bij de 25e zet.} (27. Nb5 Rd7 {
is echter ook goed voor zwart.}) 27... Rxf2 28. Nb5 a6 29. Nxd6 $2 {De
'zorgvuldig'voorbereide blunder in verloren stelling.} Qc7 $19 {Ai, geen tijd
voor Pxc8 want zwart dreigt mat. De rest is niet interessant.} 30. Nc4 dxc4 31.
bxc4 Ka7 (31... Bg4 $1) 32. Kb1 Rf3 33. c3 Qd6 34. Qb2 Qf4 35. Qe2 Rf2 36. Qe1
e3 37. Ka1 Rxf1 38. Qxf1 Qxf1 39. Rxf1 e2 40. Re1 Bg4 41. Rb3 Bf3 42. Kb2 Nh5
43. Kc2 Nf4 44. Kd2 Re8 45. Rbb1 g4 46. Rg1 Nh3 47. Rg3 Nf2 48. Rgg1 Ne4+ 49.
Kd3 Nd6 50. a4 Be4+ {En ik vond het welletjes. Dat Stauntongambiet ligt me
toch niet zo in serieuze partijen. Bovendien lijkt de methode met 4.... g6 mij
een uitstekende bestrijdingswijze.} 0-1

[Event "Amsterdam SPA"]
[Site "?"]
[Date "2017.07.16"]
[Round "9"]
[White "Markus, John"]
[Black "Witt, Rob"]
[Result "1/2-1/2"]
[WhiteElo "2090"]
[BlackElo "2166"]
[Annotator "Witt"]
[PlyCount "21"]
[EventDate "2017.??.??"]

{Ik had bij mijn korte voorbereiding even gekeken naar het Vierpionnenspel met
exd5 wat John tot mijn verrassing de laatste jaren enkele keren gespeeld heeft.
Maar normaal gesproken wordt het de Torre wat John al zijn hele leven speelt.
Vooraf zei ik tegen Marga dat ik remise zou weigeren als hij dat op zet 10
aanbiedt.} 1. d4 Nf6 2. Nf3 g6 3. Bg5 Bg7 4. Nbd2 d5 5. e3 O-O 6. Bd3 b6 7. c3
Bb7 8. Qb1 c5 9. b4 Qc8 10. O-O Nbd7 11. a4 {met remiseaanbod. Het is zet 11
dus na een paar minuten nam ik het maar aan. Hiermee sluit ik een rampzalig
toernooi af met 3½-9 en een TPR van 1966. Een verlies van 49 ratingpunten.} ({
Zonder remiseaanbod was de partij waarschijnlijk verder gegaan met} 11. a4 e5
12. Nxe5 Nxe5 13. dxe5 Ng4 14. Be2 Nxe5 $11) 1/2-1/2

[Event "Rik Lith Bokaal"]
[Site "?"]
[Date "2017.08.27"]
[Round "?"]
[White "Nep, Ron"]
[Black "Witt, Rob"]
[Result "1/2-1/2"]
[WhiteElo "2196"]
[BlackElo "2117"]
[Annotator "Witt"]
[PlyCount "57"]
[EventDate "2017.??.??"]

{Het nieuwe seizoen begint traditioneel met een wedstrijd tussen een team van
Caïssa en een team van De Laurierboom om de Rik Lith Bokaal. Aan het 3e bord
trof ik Ron Nep waartegen ik altijd zwart heb.} 1. d4 d5 2. Nf3 Nf6 3. c4 c6 4.
Qb3 dxc4 5. Qxc4 Bf5 ({Een belangrijk alternatief is} 5... Bg4 {Waarschijnlijk
een kwestie van smaak.}) 6. g3 e6 7. Bg2 Be7 ({De meeste partijen gaan verder
met} 7... Nbd7 8. O-O Be7 9. Nc3 O-O 10. Re1 ({of} 10. e3) ({Vooral niet} 10.
Rd1 $2 Bc2 $1 {Dreigt damewinst en aanval op de toren.})) 8. O-O O-O 9. Nbd2 {
Na 10 minuten. Na 10 minuten deze minder gebruikelijke zet.} (9. e3) (9. Nc3)
9... Ne4 $146 {Ik dacht dat ik Ph4 niet mocht toelaten. Tot mijn verbazing
blijkt dit nieuw te zijn.} ({Gebruikelijk blijkt} 9... Nbd7 10. Qb3 (10. Nh4 {
was nog geen dreiging wegens} Nb6 {en zwart wint pion d4 of slaat op h4 na} 11.
Qc3 Nfd5) 10... Qb6 11. Nc4 Qa6) 10. a4 ({Stockfish geeft} 10. Qb3 $14) 10...
Qa5 {Na 10 minuten. Ik wilde de keus tussen de ontwikkeling van mijn damepaard
naar d7 of a6 nog open laten.} ({Ik liet} 10... Nd7 {na wegens} 11. a5 Rc8 12.
b4 {maar eigenlijk is dat niks bijzonders voor wit na bijv.} Ndf6 13. Ne5 Qd5
14. e3 Rfd8) 11. Nb3 {Na 7 minuten.} Qa6 $6 {Na 8 minuten.} ({Ik kon niet goed
beoordelen of het alternatief} 11... Qd5 $1 {al of niet beter is. De engine
vindt van wel en bij nader inzien ik ook. Na bijv.} 12. Nfd2 Rc8 {heeft zwart
niks te klagen.}) 12. Qxa6 {Na 6 minuten.} Nxa6 13. Na5 Bb4 {Het enige
kritieke moment in de partij.} 14. Nc4 $6 {Na 5 minuten.} ({Op} 14. Nxb7 {
plande ik} f6 {om Pe5 er uit te halen.} ({Veel beter dan} 14... Rab8 $6 {
wat Ron verwachtte maar verkeerd beoordeeld had.} 15. Nc5 Naxc5 16. dxc5 Bxc5
17. Ne5 $16) 15. Nh4 Rab8 16. Nxf5 ({Ik miste hier de mogelijkheid} 16. g4 $5
Bxg4 17. Bxe4 Rxb7 18. Bxc6 {met pionwinst. Maar zwart heeft compensatie na
bijv.} Rb6 19. Bb5 ({of} 19. Bf3 h5) 19... Nc7 20. Bd3 Ba5) 16... exf5 17. Nc5
Naxc5 18. dxc5 Bxc5 {Tot zover had ik gekeken dit leek me okay voor zwart.})
14... Rfd8 15. Be3 Nd6 {Na 10 minuten.} 16. Rfc1 {Na 8 minuten.} Be4 {Die
speelde ik zonder veel nadenken. Ik had onthouden dat Ivo Timmermans in zijn
analyse van zijn partij tegen Ikonnikov schreef dat volgens Seirawan zwart
gelijkspel heeft na ruil van de witte lopers in dit type stelling. Misschien
kwam een pionzet h6 of f6 echter ook in aanmerking.} 17. Nxd6 Rxd6 {Na 6
minuten.} ({Was} 17... Bxd6 {beter geweest? Misschien wel, maar ik had geen
zin om daar langer over na te denken.}) 18. Ne5 Bxg2 19. Kxg2 Rd5 ({Ik begrijp
niet waarom Stockfish} 19... Rdd8 {iets beter vindt.}) 20. Nd3 Be7 21. Nc5 $6 {
Die speelde Ron snel.} ({Beter lijkt} 21. Rc4 {om eventueel met b4 te
vervolgen.}) 21... Nxc5 ({Ik heb geen tijd besteed aan} 21... Bxc5 {wat een
lichte voorkeur heeft van de engine.}) 22. dxc5 Bf6 {Ook deze op zich logische
zet deed ik zonder veel nadenken. Hoewel ik wel zag dat allerlei pionzetten
ook in aanmerking kwamen.} 23. Rc4 Rad8 24. Rb1 Rd1 25. Rxd1 Rxd1 26. Rb4 Rd7
27. Kf3 Kf8 {Ik vond het eigenlijk wel mooi geweest. Het was buiten prachtig
weer en ik had trek in een biertje.} ({In een belangrijke partij had ik nog
een winstpoging kunnen doen met} 27... g6 28. g4 Be5 29. h3 f5 {in de hoop op}
30. Bf4 $2 Rd4 $1) 28. Ke4 Ke8 29. g4 {met remiseaanbod dat ik meteen
accepteerde.} 1/2-1/2

[Event "Caissa intern 2017-2018"]
[Site "?"]
[Date "2017.09.12"]
[Round "1"]
[White "Witt, Rob"]
[Black "Roering, Ed"]
[Result "1/2-1/2"]
[WhiteElo "2117"]
[BlackElo "2199"]
[Annotator "Witt"]
[PlyCount "86"]
[EventDate "2017.??.??"]

{De eerste interne ronde van het nieuwe seizoen trof ik Ed Roering als
tegenstander. Ik heb twee keer eerder tegen hem gespeeld en beide keren werd
het remise.} 1. d4 d5 2. c4 c6 3. Nf3 Nf6 4. e3 ({Ik had geen trek in zijn
Chebanenko na} 4. Nc3 a6 {En hier heb ik liever mijn damepaard op d2.}) 4... a6
5. Nbd2 g6 {Hier was ik al weer 'out of book'. De eerlijkheid gebiedt te
zeggen dat ik dat na de meeste andere zetten ook was geweest.} 6. Be2 Bg7 7.
O-O O-O 8. b3 c5 {Na ruim een kwartier.} 9. Bb2 cxd4 10. Nxd4 Re8 {Ook voor
deze zet trok Ed een kwartiertje uit. Toen ging ik me ook maar eens een
kwartiertje in de stelling verdiepen.} 11. b4 $5 {Ik was wel tevreden over
deze vondst, maar Stockfish gaat gewoon verder met Tc1.} e5 {Ed was duidelijk
verrast en had hier 23 minuten over gedaan.} 12. N4f3 e4 (12... Nc6 13. b5 {
was de bedoeling van mijn 11e zet.} axb5 14. cxb5 e4 15. bxc6 exf3 16. cxb7
Bxb7 17. Nxf3 {met gezonde pluspion.}) 13. Nd4 Nbd7 14. cxd5 ({Het was lastig
kiezen tussen de tekstzet en} 14. Qb3 {Achteraf lijkt dit toch iets beter.})
14... Nxd5 {Wit nog een uur, zwart nog een half uur (+ 15 sec. increment)} 15.
Qb3 N7f6 ({Zwart had wellicht beter eerst de dame kunnen doorlaten} 15... Qg5
16. Rfc1 N7f6 $13 {Dit was niet mogelijk geweest als ik was begonnen met 14.
Db3.}) 16. Rfd1 {Na een kwartier op gevoel gespeeld. Mijn belangrijkste
alternatieven waren pionzetten op de damevleugel zonder dat ik duidelijke
conclusies kon trekken.} (16. b5 Bg4 17. Bc4 Qd7 18. Rfc1) ({of} 16. a4) 16...
Qd6 17. a3 ({Ik keek ook nog even naar} 17. Nc4 Qxb4 18. Qxb4 Nxb4 19. Nb6 Rb8
{maar er is geen vervolg.}) 17... Ng4 {Deze op zich logische zet had ik maar
'half gezien' om met Arno te spreken.} ({Ik verwachtte eerder} 17... Bg4 18.
Nc4 Qe7 19. Bxg4 Nxg4 20. h3 Ngf6 21. Na5 {wat me iets beter leek voor wit.})
18. Bxg4 $2 {'Gespeeld voor het eindspel' zou een bekende grootmeester zeggen.
Als wit heel veel stukken weet te ruilen kan er in de verte een eindspel
ontstaan waarin mijn paard beter is dan de zwarte loper. Maar we zitten nog in
het middenspel en dan is deze ruil minder geslaagd.} ({De engine geeft wit een
plusje na zowel} 18. Nf1) ({als ook na} 18. g3) 18... Bxg4 19. Rdc1 Rad8 20. h3
({Ik was hier eerst} 20. Rc5 {van plan. Gelukkig zag ik bijtijds} Bxd4 $1 21.
Bxd4 Nf4 $17) 20... Bc8 21. Nc4 ({Opnieuw keek ik naar} 21. Rc5 {maar nu vond
ik meteen} Nf4 {een beetje storend.}) 21... Qe7 22. Ne2 Bxb2 23. Qxb2 Qg5 24.
Kh2 {Wit nog 18 minuten, zwart 10 minuten.} Qh4 ({Opmerkelijk dat de engine
hier een remisecombinatie geeft} 24... b5 25. Na5 Bxh3 $1 26. gxh3 Nxe3 27.
fxe3 ({of} 27. Rg1 Rd2 $3 28. Rxg5 Rxb2 29. fxe3 Rxe2+ 30. Rg2 Rxe3 $11 31. Rg3
Re2+ 32. Rg2 Re3) 27... Qxe3 28. Nc6 Rd2 {nu is wit degene die remise moet
maken.} (28... Qf2+ 29. Kh1 Qf3+ 30. Kg1 Qe3+) 29. Ne7+ Kf8 30. Nxg6+ hxg6 31.
Qh8+ Ke7 32. Qe5+ Kf8 33. Qh8+) 25. Ng1 (25. Rf1 {is misschien veiliger.})
25... b5 26. Na5 Nf6 $6 (26... Nb6 $13) 27. g3 Qg5 28. Rc5 Rd5 $6 (28... Bf5
29. Rc6 Nd7) 29. Rac1 Be6 30. Nc6 $6 (30. Ne2 $1 $16) 30... Nd7 {Wit nog 13
minuten, zwart 3 minuten.} 31. R5c2 $6 {Ik probeer met het oog op de zwarte
tijdnood redelijke zetten te spelen die zwart misschien niet verwacht.} Qf6 $2
{Een paniekzet omdat Ed bang is voor varianten met Pe7+.} (31... Rd6) 32. Qxf6
Nxf6 33. Nd4 {Nu heeft wit het goede eindspel waar ik bij zet 18 over sprak.}
Nd7 $6 (33... Rd6) 34. Nge2 ({Ik wilde dit paard ook in het spel brengen, maar
nog sterker was} 34. Rc8 Rxc8 35. Rxc8+ Kg7 36. Rc6 $18) 34... g5 $2 35. Nc3 ({
Hier was ik in eerste instantie wel} 35. Rc8 {van plan met winststelling. Maar
toen zag ik dat de tekstzet nog sterker was.}) 35... Re5 36. Nc6 $18 {Wit nog
7 minuten en zwart met nog 1 minuut verraste me met} Bb3 37. Rb2 {Op zich niks
mis mee.} ({Maar} 37. Nxe5 Nxe5 38. Nxe4 $18 {was wel zo simpel geweest als ik
deze laatste zet gezien had.}) 37... Bc4 38. Rd1 $2 {Ik had inmiddels ook nog
maar 3 minuten.} ({Opnieuw mis ik de makkelijke winst met} 38. Nxe5 Nxe5 (38...
Rxe5 39. Rd2 $18) 39. Nxe4 $18) 38... Bd3 $2 (38... R5e6 39. Na5 $14) 39. Nxe5
Nxe5 40. Nd5 (40. g4 $1 Kg7 41. Kg3 Rc8 42. Ne2 $16) 40... Kg7 41. Nc7 $6 Rc8
42. Nxa6 Rc3 $2 (42... Ra8 43. Nc5 Rxa3 44. Rc1 $16) 43. Nc5 ({Waarom niet
gewoon} 43. Ra1 {met alsnog een winststelling.}) 43... Rxa3 {met een goed
getimed remiseaanbod wat ik maar aannam toen ik ineens zag dat ik nog maar een
minuut had.} ({Ik raakte een beetje in de war toen ik o.a. keek naar de variant
} 43... Rxa3 44. Kg2 ({Beter is} 44. g4 $16) 44... Nc4 45. Rb3 Ra2 46. Re1 Ne5
47. Nxd3 Nxd3 48. Rf1 h5 {maar ik heb hier nog steeds goede winstkansen na} 49.
g4 $16) 1/2-1/2

[Event "Kennermer 2 - Caissa 2  61/2-11/2"]
[Site "?"]
[Date "2017.09.16"]
[Round "1"]
[White "Witt, Rob"]
[Black "Rill, Gerard"]
[Result "1/2-1/2"]
[WhiteElo "2117"]
[BlackElo "2216"]
[Annotator "Witt"]
[PlyCount "62"]
[EventDate "2017.??.??"]

{Bij mijn debuut voor Caïssa 2 trof ik aan bord 3 een oude bekende, invaller
Gerard Rill met de hoogste rating. In de jaren '80 speelde hij ook voor
Watergraafsmeer. Ik kon destijds al nooit van hem winnen (4x remise).} 1. d4
Nf6 2. c4 g6 {Een kleine verrassing. Ik meende me te herinneren dat hij altijd
Nimzo-indisch en Meraner speelde.} 3. Nc3 Bg7 4. e4 d6 5. f3 {De laatste jaren
wissel ik de Mar del Plata af met de Sämisch. Ik hoopte dat dit hem zou
verrassen, maar hij vertelde na afloop dat ik ruim 30 jaar geleden dit ook al
tegen hem gespeeld had.} O-O 6. Be3 c5 7. Nge2 Nc6 (7... Qa5 {is ook
interessant en kwam dit jaar o.a. voor in: Bok,B (2608)-Jones,G (2665) Wijk
aan Zee 2017 (57.0-1)}) 8. d5 Ne5 9. Ng3 {Deze stelling had ik het afgelopen
seizoen voor het eerst op het bord tegen Gertjan van der Hoeven.} e6 {De meest
gespeelde zet.} ({De laatste jaren is meteen} 9... h5 {populairder. Het witte
paard wordt dan naar f1 verdreven.}) 10. Be2 exd5 11. cxd5 a6 12. a4 h5 13. O-O
Nh7 14. Qd2 ({Beter dan} 14. h3 $6 {wat ik tegen Gertjan speelde. Die partij
werd na veel spannende verwikkelingen remise.}) 14... h4 15. Nh1 f5 16. Nf2 {
In deze stelling heeft zwart maar liefst 12 (!)verschillende zetten gespeeld.
Gerard vindt na lang nadenken een 13e mogelijkheid.} Qe7 $146 {Volgens Gerard
was dit gericht tegen een plan met f4 en e5.} (16... Bd7 {is de meest
gespeelde zet.}) (16... Re8 {is de hoofdvariant bij Kotronias en Bologan.}) 17.
f4 {Na afloop dachten we dat dit misschien te vroeg was.} Nf7 {Hier dacht ik
lang na, maar kwam er niet uit wat nu het beste plan was.} 18. Bf3 (18. e5 $1 {
blijkt toch een goede mogelijkheid.} dxe5 19. d6 Qxd6 20. Qxd6 Nxd6 21. Bxc5
Rd8 {en nu het verrassend sterke} 22. Nd5 $1 {Wit dreigt een kwaliteit te
winnen en zwart staat voor een lastige keuze.} ({We hadden tijdens de partij
en na afloop allebei alleen gekeken naar} 22. Rad1 Nf7 {en dat leek ons niks
bijzonders voor wit.}) {Het beste is misschien} 22... Rb8 ({Of een kwaliteit
geven met} 22... Be6 23. Nc7 Bc4 24. Nxa8 Bxe2 25. Rfe1 $16) 23. Rfd1 Be6 24.
Ne7+ Kf7 25. Rxd6 Rxd6 26. Bxd6 Rd8 27. fxe5 Bf8 28. Nc6 bxc6 29. Bxa6 {
met groot voordeel.}) 18... fxe4 19. Bxe4 {Gerard had Pxe4 verwacht, maar ik
heb dat niet overwogen omdat zwart Pf7 kan omspelen naar veld f5.} ({Dat
blijkt echter mee te vallen na bijv.} 19. Nfxe4 Nh6 20. Rae1 Nf5 21. Bf2 {
en wit kan met g4 gaan werken.}) 19... Bf5 20. Bxf5 ({Ik overwoog ook} 20. Bf3
{om met g4 te kunnen werken, maar dat werkt niet na bijv.} Rae8 21. Rfe1 Qd7
22. a5 Nf6) 20... gxf5 {Wit nog een uur, zwart drie kwartier.} 21. Rfe1 ({
Misschien was de andere toren beter, bijv.} 21. Rae1 Qd7 22. Nh3 {maar veel is
het niet na bijv.} Rae8 23. Kh1 b5 24. axb5 axb5 25. Bf2 b4) 21... Qd7 22. a5 {
een soort Pavlov-reactie. Maar na andere zetten heeft wit ook niks.} Nf6 23.
Qd3 Nh6 24. Bd2 Rae8 25. Rxe8 $6 {Onnauwkeurig. Er was geen reden om zelf
torens te ruilen. Maar ik zag niets constructiefs en wilde de partij
beëindigen.} (25. Nh3 $11 {Op bijv.} Nhg4 {heb ik} 26. Re6 Nh5 {en beide
spelers kunnen niet veel doen.}) ({Ik keek nog een tijdje naar} 25. Qh3 {
maar verwierp het wegens} Nfg4 $1 ({Gerard plande} 25... Qf7 $6 26. Qxh4 Nxd5 {
maar dat is heel riskant wegens} 27. Nxd5 Qxd5 28. Bc3 Qf7 29. Qg3 Kh8 30. Red1
{omdat de zwarte koning onveilig staat nadat de lopers geruild worden.}) 26.
Qxh4 Bd4 27. Ncd1 Rxe1+ 28. Bxe1 Re8 {en wit zit in de problemen.}) 25... Rxe8
26. Re1 Rxe1+ 27. Bxe1 Qe7 28. Bd2 Nfg4 29. h3 Nf6 30. Qf3 Qe8 31. Kf1 $6 {
Ik was mijn concentratie een beetje kwijt.} (31. Nfd1 $11) 31... Nh5 {met
remiseaanbod dat ik meteen accepteerde. We vonden na afloop dat het gelijk
stond, maar de engine geeft zwart hier toch een klein plusje. Afgezien van de
stelling na de 18e zet een weinig opwindende partij. de wedstrijd was ook niet
opwindend, want we werden met 6½-1½ in de pan gehakt.} 1/2-1/2